Statistics for Pittsburgh Steelers in the Hall of Fame

Click here to take the quiz!

General Stats

  • This quiz has been taken 1,085 times
    (642 since last reset)
  • The average score is 14 of 32

Answer Stats

HintAnswer% Correct
1970-83Terry Bradshaw
89%
1969-81"Mean" Joe Greene
87%
1993-95Kevin Greene
82%
1972-83Franco Harris
80%
2003-14Troy Polamalu
77%
CoachBill Cowher
76%
CoachChuck Noll
75%
1996-2005Jerome Bettis
71%
1974-82Lynn Swann
71%
OwnerArt Rooney
69%
1974-84Jack Lambert
69%
OwnerDan Rooney
68%
1971-82Jack Ham
62%
1974-87John Stallworth
54%
1970-83Mel Blount
54%
1987-96Rod Woodson
47%
1974-88Mike Webster
43%
1998-2007Alan Faneca
37%
1974-87Donnie Shell
30%
1988-2000Dermonti Dawson
27%
1957-59Len Dawson
27%
1960-65John Henry Johnson
23%
Co-OwnerBert Bell
18%
ScoutBill Nunn
15%
1958-62Bobby Layne
13%
1950-63Ernie Stautner
12%
1951-59Jack Butler
7%
1942, 45-46"Bullet" Bill Dudley
6%
1934, 37-38Johnny "Blood" McNally
4%
1937-39Walt Kiesling
3%
1955Marion Motley
1%
1936Robert "Cal" Hubbard
0%

Score Distribution

Percentile by Number Answered

Percent of People with Each Score

Your Score History

You have not taken this quiz since the last reset